| 000 | 00692nam a2200241Ia 4500 | ||
|---|---|---|---|
| 003 | OSt | ||
| 005 | 20220927105435.0 | ||
| 006 | a|||||r|||| 00| 0 | ||
| 007 | ta | ||
| 008 | 220926b |||||||| |||| 00| 0 eng d | ||
| 024 | _a173216 | ||
| 037 | _cReference Collections | ||
| 040 |
_aRTL _cRTL _beng |
||
| 041 |
_2eng _aeng |
||
| 082 | _a"V1N45,93:3.M84a, M8.6-4/UN" | ||
| 110 | _aUNITED NATIONS. | ||
| 245 | 0 |
_aUnited Nations documents _b Current Index. |
|
| 260 |
_aNew _bYorl United Nations _c1984 |
||
| 300 |
_axxviii; 332p. _ccm. |
||
| 700 | _aUNITED NATIONS. | ||
| 942 |
_h"V1N45,93:3.M84a, M8.6-4/UN" _cCC |
||
| 999 |
_c692584 _d692584 |
||